000 010790000a22002530004500
003 EG-GICUC
005 20250223030038.0
008 090901s1978 ua f m 000 0 ara d
040 _aEG-GiCUC
_bara
_cEG-GiCUC
041 0 _aara
049 _aايداع
097 _aدكتوراه
099 _aCai01.02.01.Ph.D.1978.جه.د
100 0 _aجهينه سلطان يوسف العيسى
245 1 0 _aديناميات التحديث فلى المجتمع القطرى :
_bدراسة تطبيقية على عمال صناعة النفط /
_cجهينه سلطان يوسف العيسى ؛ اشراف فاروق محمد العادلى
260 _aالقاهرة :
_bجهينه سلطان يوسف العيسى :
_c1978
300 _a460ورقة ؛
_c30سم
502 _aاطروحة(دكتوراه) - جامعة القاهرة - كلية الاداب - قسم الاجتماع
700 0 _aفاروق محمد العادلى :
_eمشرف
856 _uhttp://172.23.153.220/th.pdf
905 _aNazla
_eRevisor
905 _aSoheir
_eCataloger
942 _2ddc
_cTH
999 _c26249
_d26249